000 00567nam a22002057a 4500
999 _c539
_d539
003 OSt
005 20190815102659.0
008 141014b xxu||||| |||| 00| 0 eng d
020 _a9789966254447
040 _cDNLM
082 _a657 KIM 2008
100 _aKimuda Daniel M
_91399
245 _aFoundations of accounting
260 _aNairobim :
_bEast African Educational Publishers :
_c2008.
300 _axi, 377 p.
_bill ;
_c27 cm.
440 _aBusiness Education Series.
_91400
504 _aIncludes Index
650 _aAccounting
_91379
942 _2ddc
_cSLOAN